00885cam a22002651 450000100100000000500170001000800410002701000130006801500130008103500190009404000430011305000150015606000210017110000420019224500870023426000410032130000310036265000190039374000190041291000340043191000070046508200120047295201180048499900170060200001151420200929162458.0761222s1966 moua 000 0 eng  a66023426 aGB67-295 a(OCoLC)2640527 aDO-SdBNPcCLolCdOCoLCdUkdOCoLCdDLC00aRD621b.C3 aWI l7 C164a 19661 aCalman, Carl H.q(Carl Hubert)92724210aAtlas of hernia repair /c[by] Carl H. Calman. Illustrated by Katherine Masterson. aSt. Louis, :bC.V. Mosby Co.,c1966. a159 p. :billus. ;c29 cm. 0aHernia.9272430 aHernia repair. aCatalogación por copia / LC aDC a617.559 001052708MOaGRbGRcCTd2009-10-19iLF1l0o617.559 p11514-10r2020-06-25w2020-06-25y2ZPréstamo interno c11214d11214